[Event "1st League TCh-SCG"]
[Site "Budva SCG"]
[Date "2003.08.29"]
[Round "1"]
[White "Ilincic,Z"]
[Black "Vulinovic,R"]
[Result "1/2-1/2"]
[WhiteElo "2557"]
[BlackElo "2224"]

1.d4 d5 2.c4 e6 3.Nf3 Nf6 4.g3 Be7 5.Bg2 O-O 6.O-O dxc4 7.Qc2 a6 8.a4 Bd7
9.Qxc4 Bc6 10.Bg5 Bd5 11.Qc2 Be4 12.Qc1 h6 13.Bxf6 Bxf6 14.Nc3 Bxf3 15.Bxf3 c6
16.Rd1 a5 17.Ne4 Na6 18.Qc4 Be7 19.Qb3 Nb4 20.Rac1 Rc8 21.h4 Rc7 22.e3 Qc8
23.Kg2 b6 24.Nd2 c5 25.Nc4 cxd4 26.Rxd4 Bc5 27.Rdd1 Rd8 28.Ne5 Bd6 29.Nc4 Bc5
30.h5 Rxd1 31.Rxd1 Rd7 32.Ne5 Rxd1 33.Qxd1 Qc7 34.Nc4 Be7 35.b3 Qd8  1/2-1/2

[Event "1st League TCh-SCG"]
[Site "Budva SCG"]
[Date "2003.08.31"]
[Round "3"]
[White "Ilincic,Z"]
[Black "Abramovic,B"]
[Result "1/2-1/2"]
[WhiteElo "2557"]
[BlackElo "2474"]

1.d4 d5 2.c4 e6 3.Nf3 Nf6 4.g3 Be7 5.Bg2 O-O 6.O-O dxc4 7.Qc2 a6 8.a4 Bd7
9.Qxc4 Bc6 10.Bg5 Bd5 11.Qc2 Be4 12.Qc1 h6 13.Bxf6 Bxf6 14.Nc3 Bxf3 15.Bxf3 c6
16.e3 a5 17.Ne4 Na6 18.Qc4 Nb4 19.h4 Rc8 20.Kg2 Qe7 21.Rad1 Rfd8 22.b3 Rc7
23.Rh1 b6 24.g4 g6 25.g5 hxg5 26.hxg5 Bxg5 27.Rh3 Bf6 28.Nxf6+ Qxf6 29.Rdh1 Kf8
30.Rh7 Qg5+ 31.Kf1 Qf5 32.Kg2 Ke7 33.Kg3 Rf8 34.e4 Qg5+ 35.Bg4 Kd8 36.Rh8 Qe7
37.R1h7 Rxh8 38.Rxh8+ Kd7 39.Rh7 Kd8 40.Rh8+ Kd7 41.Rh7 Kd8 42.Rh8+  1/2-1/2

[Event "1st League TCh-SCG"]
[Site "Budva SCG"]
[Date "2003.08.31"]
[Round "3"]
[White "Blagojevic,D"]
[Black "Maksimovic,B"]
[Result "0-1"]
[WhiteElo "2538"]
[BlackElo "2384"]

1.d4 Nf6 2.c4 e6 3.g3 d5 4.Nf3 Be7 5.Bg2 O-O 6.O-O dxc4 7.Qc2 a6 8.a4 Bd7
9.Rd1 Bc6 10.Nc3 Nbd7 11.e4 b5 12.d5 exd5 13.exd5 Bb7 14.Nd4 Nc5 15.axb5 axb5
16.Rxa8 Bxa8 17.Ncxb5 Nxd5 18.Qxc4 Qd7 19.Ne2 c6 20.Nbc3 Ne6 21.Nxd5 cxd5
22.Bxd5 Bf6 23.Rd2 Rc8 24.Bxa8 Qe8 25.Qe4 Rxa8 26.Rc2 Rd8 27.Be3 Qb5 28.Nc3 Bxc3
29.Rxc3 Rd1+ 30.Kg2 Qf1+ 31.Kf3 Qh1+ 32.Ke2 Qxe4 33.Kxd1 h5 34.Kc1 g5 35.b3 h4
36.gxh4 gxh4 37.Kb2  0-1

[Event "22nd NAO"]
[Site "Oklahoma USA"]
[Date "2003.08.31"]
[Round "6"]
[White "Donaldson,J"]
[Black "Kamberi,S"]
[Result "1-0"]
[WhiteElo "2440"]
[BlackElo "2275"]

1.Nf3 d5 2.d4 Nf6 3.c4 e6 4.g3 Be7 5.Bg2 O-O 6.O-O dxc4 7.Qc2 a6 8.Qxc4 b5
9.Qc2 Bb7 10.Bf4 Nd5 11.Nc3 Nxf4 12.gxf4 Nd7 13.Rfd1 Nf6 14.Ne5 Bxg2 15.Kxg2 Bd6
16.e3 Nh5 17.Ne4 f6 18.Nc6 Qe8 19.Ng3 e5 20.dxe5 fxe5 21.fxe5 Bxe5 22.Nxe5 Qxe5
23.Qb3+ Kh8 24.Rd5 Qf6 25.Rxh5 Qxf2+ 26.Kh3 Rfe8 27.Rf1 Qd2 28.Rd5 Qa5 29.Rd7 Qb6
30.Qf7  1-0

[Event "Acropolis Open"]
[Site "Athens GRE"]
[Date "2003.09.01"]
[Round "8"]
[White "Skembris,S"]
[Black "Sigalas,F"]
[Result "1-0"]
[WhiteElo "2443"]
[BlackElo "2182"]

1.c4 Nf6 2.Nf3 e6 3.g3 d5 4.Bg2 Be7 5.d4 O-O 6.Qc2 c6 7.O-O Nbd7 8.Rd1 b6
9.Nc3 Bb7 10.Bg5 h6 11.Bxf6 Nxf6 12.Ne5 Rc8 13.e4 Qc7 14.Rac1 Rfd8 15.exd5 cxd5
16.cxd5 Bxd5 17.Nxd5 Nxd5 18.Qxc7 Rxc7 19.Rxc7 Nxc7 20.Nc6 Rd7 21.Nxa7 Bc5
22.Nc6 Nb5 23.Kf1 Bd6 24.Rd3 Na7 25.Rb3 Nxc6 26.Bxc6 Ra7 27.a3 Bc7 28.Ke2 Ra5
29.Rc3 Kf8 30.h4 Ke7 31.Kd3 e5 32.b4 exd4 33.bxa5 dxc3 34.a6 Bb8 35.Kxc3 b5
36.Bxb5 Ba7 37.f4 Kd6 38.Kd3 f6 39.Ke4 Bb6 40.Kf5 Ke7 41.Kg6 Kf8 42.g4 Ba7
43.g5 hxg5 44.hxg5 fxg5 45.Kxg5 Ke7 46.Kg6 Kf8 47.Kf5 Ke7 48.Bc4 Bf2 49.Kg6 Kf8
50.Be6 Ba7 51.Bg4 Bb8 52.Bh3  1-0

[Event "1st League TCh-SCG w"]
[Site "Budva SCG"]
[Date "2003.09.02"]
[Round "5"]
[White "Prudnikova,S"]
[Black "Savic,Ma"]
[Result "1-0"]
[WhiteElo "2412"]
[BlackElo "2129"]

1.c4 e6 2.Nf3 d5 3.g3 Nf6 4.Bg2 Be7 5.d4 O-O 6.O-O Nbd7 7.Qc2 c6 8.b3 b6
9.Rd1 Bb7 10.Nc3 Rc8 11.e4 Nxe4 12.Nxe4 dxe4 13.Qxe4 Qc7 14.Bf4 Bd6 15.Bxd6 Qxd6
16.c5 Qe7 17.b4 Rfe8 18.Re1 a5 19.a3 Ra8 20.h4 h6 21.Qc2 Qd8 22.Ne5 Qc7 23.Nc4 axb4
24.axb4 bxc5 25.dxc5 Ba6 26.Nd6 Reb8 27.Qe4 Bb7 28.Nxb7 Rxa1 29.Rxa1 Qxb7
30.Qxc6 Qxc6 31.Bxc6 Ne5 32.Be4 f5 33.Ra8  1-0

[Event "12th Monarch Assurance"]
[Site "Port Erin IOM"]
[Date "2003.09.03"]
[Round "7"]
[White "Mikhalevski,V"]
[Black "Psakhis,L"]
[Result "1/2-1/2"]
[WhiteElo "2523"]
[BlackElo "2550"]

1.d4 e6 2.c4 Nf6 3.g3 d5 4.Bg2 Be7 5.Nf3 O-O 6.O-O dxc4 7.Qc2 a6 8.a4 Bd7
9.Qxc4 Bc6 10.Bg5 Bd5 11.Qc2 Be4 12.Qc1 h6 13.Bf4 Nd5 14.Bd2 Nd7 15.Rd1 Rc8
16.Nc3 Nxc3 17.Bxc3 Nf6 18.Ne5 Bxg2 19.Kxg2 Qe8 20.b4 Nd5 21.Qb2 f5 22.Bd2 Bd6
23.Qb3 Qh5 24.f3 Bxe5 25.dxe5 Rce8 26.Rac1 f4 27.Bxf4 Nxf4+ 28.gxf4 Rxf4
29.Rc4 Qxe5 30.Rxf4 Qxf4 31.Rd7 Re7 32.Rd8+ Kh7 33.Qc2+ Qf5 34.Qxf5+ exf5
35.Kf2 g5 36.a5 Kg6 37.Rb8 c6 38.Rd8 Re5 39.Rd6+ Kh5 40.Rd7 Rb5 41.Rd4 f4
42.Re4 c5 43.bxc5 Rxc5 44.Re7 Rxa5 45.Rxb7 Kh4 46.Re7 h5 47.Kg2 Ra3 48.Kf2 Rb3
49.Re4 Rc3 50.Rd4 a5 51.Kg2 Rc5  1/2-1/2

[Event "TCh-CHN"]
[Site "Tianjing CHN"]
[Date "2003.09.03"]
[Round "4"]
[White "Wu Shaobin"]
[Black "Liang Chong"]
[Result "0-1"]
[WhiteElo "2531"]
[BlackElo "2535"]

1.d4 Nf6 2.c4 e6 3.Nf3 d5 4.g3 Be7 5.Bg2 O-O 6.O-O c6 7.Nbd2 b6 8.b3 Nbd7
9.Bb2 Bb7 10.Rc1 Rc8 11.Qc2 c5 12.Qb1 dxc4 13.Nxc4 b5 14.Ncd2 Qb6 15.Qa1 Rfd8
16.Rfd1 h6 17.dxc5 Bxc5 18.Bd4 Bxd4 19.Qxd4 Nc5 20.Qb2 Nce4 21.Nxe4 Nxe4
22.Rxd8+ Rxd8 23.e3 b4 24.a3 a5 25.axb4 axb4 26.Nd4 Nc3 27.Ne2 Bxg2 28.Kxg2 Qb7+
29.Kg1 Ne4 30.Nd4 Rd5 31.Qc2 Rc5 32.Qxc5 Nxc5 33.Rxc5 Qe4 34.Nc2 Kh7 35.h4 e5
36.Rc7 f6 37.Rc5 Kg6 38.Rc7 Kh7 39.Rc5 f5 40.Kh2 Qd3 41.Nxb4 Qd2 42.Nd5 Qxf2+
43.Kh3 Qg1  0-1

[Event "56th ch-RUS"]
[Site "Krasnoyarsk RUS"]
[Date "2003.09.04"]
[Round "2"]
[White "Gleizerov,E"]
[Black "Khalifman,A"]
[Result "1/2-1/2"]
[WhiteElo "2565"]
[BlackElo "2678"]

1.d4 Nf6 2.c4 e6 3.g3 d5 4.Nf3 Be7 5.Bg2 O-O 6.O-O dxc4 7.Qc2 a6 8.a4 Bd7
9.Qxc4 Bc6 10.Bg5 Bd5 11.Qc2 Be4 12.Qc1 h6 13.Bxf6 Bxf6 14.Nc3 Bxf3 15.Bxf3 c6
16.e3  1/2-1/2

[Event "1st League TCh-SCG"]
[Site "Budva SCG"]
[Date "2003.09.05"]
[Round "7"]
[White "Kurcubic,A"]
[Black "Vojinovic,G"]
[Result "0-1"]
[WhiteElo "2362"]
[BlackElo "2471"]

1.c4 e6 2.Nf3 Nf6 3.g3 d5 4.Bg2 Be7 5.d4 O-O 6.Nc3 c6 7.O-O Nbd7 8.cxd5 exd5
9.b3 Re8 10.Bb2 Bd6 11.Re1 Nb6 12.Qc2 Bg4 13.Nh4 Bd7 14.Nf5 Bf8 15.Ne3 Qc8
16.Qd3 Bh3 17.Bh1 Qd7 18.Rad1 a5 19.Rc1 a4 20.f3 Bb4 21.a3 Bf8 22.b4 Rxe3
23.Qxe3 Nc4 24.Qd3 Nxb2 25.Qc2 Nc4 26.Nxa4 b5 27.Nc5 Bxc5 28.bxc5 h5 29.Ra1 Bf5
30.Qb3 Ra4 31.Ra2 h4 32.g4 Bg6 33.Bg2 Qa7 34.Rea1 Nh7 35.e3 Nf8 36.Bf1 Qe7
37.Re1 Ne6 38.Kf2 Qf6 39.Be2 Ng5 40.Kg2 Qe7 41.Bd1 h3+ 42.Kg3 Qc7+ 43.f4 Be4
44.Kf2 Ne6 45.Ree2 g5 46.Qc3 Ra8 47.Kg1 gxf4 48.exf4 Qxf4 49.Rf2 Qe3 50.Qxe3 Nxe3
51.Bf3 Bg6 52.Rfd2 Nc4 53.Rd1 b4  0-1

[Event "Polish Extraleague"]
[Site "Lubniewice POL"]
[Date "2003.09.05"]
[Round "7"]
[White "Urban,K"]
[Black "Dobrowolski,A"]
[Result "1-0"]
[WhiteElo "2455"]
[BlackElo "2311"]

1.Nf3 Nf6 2.c4 e6 3.g3 d5 4.d4 Be7 5.Bg2 O-O 6.O-O dxc4 7.Ne5 Nc6 8.Nxc6 bxc6
9.e3 Rb8 10.Qa4 Bd7 11.Qxc4 c5 12.Nc3 Rb4 13.Qa6 cxd4 14.exd4 Qb8 15.Rd1 c5
16.Bf4 Qb6 17.Qxb6 Rxb6 18.dxc5 Bxc5 19.Rd2 Rc8 20.Rad1 h6 21.Ne4 Nd5 22.Nxc5 Rxc5
23.Be5 Rbc6 24.Bf1 Rc2 25.Rxc2 Rxc2 26.Bd4 Rc7 27.f4 h5 28.a3 g6 29.Kf2 f5
30.Ke2 Kf7 31.Kd2 Nf6 32.Rc1 Rb7 33.Ba6 Ne4+ 34.Ke1 Rb3 35.Rc7 Ke8 36.Bc4 Rb8
37.b4 Nd6 38.Be2 Bb5 39.Bxa7 Rd8 40.Bc5 Bxe2 41.Kxe2 Ne4 42.Re7+ Kf8 43.Rd7+ Ke8
44.Rxd8+ Kxd8 45.Kd3 Kc7 46.Kd4 Nf2 47.Ke5  1-0

[Event "ch-LIB"]
[Site "Beruit LIB"]
[Date "2003.09.07"]
[Round "9"]
[White "Abdulaziz,M"]
[Black "Kassis,A"]
[Result "1/2-1/2"]
[WhiteElo "2168"]
[BlackElo "2206"]

1.c4 e6 2.Nf3 Nf6 3.g3 d5 4.Bg2 Be7 5.d4 O-O 6.Qc2 dxc4 7.Qxc4 a6 8.Qb3 Nc6
9.e3 Rb8 10.O-O b5 11.Nc3 Bb7 12.Qc2 Nb4 13.Qd1 c5 14.a3 Nbd5 15.Nxd5 Bxd5
16.dxc5 Bxc5 17.b4 Be7 18.Bb2 Qb6 19.Bd4 Qb7 20.Ne1 Rbd8 21.Bxd5 Qxd5 22.Qf3 Ne4
23.Nd3 Nd2 24.Qxd5 Rxd5 25.Nf4 Rd7 26.Rfd1 Nf3+ 27.Kg2 Nxd4 28.Rxd4 Rxd4
29.exd4 Bf6 30.Rd1 Rd8 31.Ne2 Rc8 32.Kf3 Rc2 33.Rd3 g5 34.h3 Kg7 35.Ke3 Ra2
36.g4 Bd8 37.Rb3 Bb6 38.Nc3 Rc2 39.Ne4 e5 40.Nc5 exd4+ 41.Kxd4 Rd2+ 42.Ke4 a5
43.f4 gxf4 44.Kxf4 axb4 45.axb4 Rc2 46.Ne4 Bc7+ 47.Ke3 Be5 48.Nc5 Rc4 49.Nd3 Bd6
50.Kf3 Kf6 51.Ra3 Bxb4 52.Rb3 Rc3 53.Rxb4 Rxd3+ 54.Ke4 Rxh3 55.Rxb5 Rh1 56.Kf4 Rf1+
57.Kg3 Kg6 58.Rh5 Ra1 59.Kf4 Ra4+ 60.Kg3 h6 61.Kf3 Ra3+ 62.Kf4 Ra1 63.Kg3 Rg1+
64.Kf4 f6 65.Kf3 Re1 66.Kf4 Re5 67.Rh2 Ra5 68.Rh1 Ra4+ 69.Kg3 Rb4 70.Rh5 Rb1
71.Kf4 Rg1 72.Kf3 Re1 73.Kf4 Re5 74.Rh2 Rg5 75.Rh1 f5 76.gxf5+ Rxf5+ 77.Kg3 Kg5
78.Rg1 Ra5 79.Kh3+ Kf4 80.Rf1+ Kg5 81.Rg1+ Kh5 82.Rg3 Ra1 83.Kh2 Kh4 84.Rg2 h5
85.Rb2 Ra4 86.Rg2 Ra3 87.Rb2 Rh3+ 88.Kg2 Rg3+ 89.Kh2 Rg4 90.Rb5 Ra4 91.Rb2 Kg4
92.Rg2+ Kf3 93.Rg3+ Kf4 94.Rg2 Ra3 95.Rf2+ Kg4 96.Rg2+ Kh4 97.Rb2  1/2-1/2

[Event "1st League TCh-SCG w"]
[Site "Budva SCG"]
[Date "2003.09.07"]
[Round "9"]
[White "Vujic Katanic,B"]
[Black "Jovanovic,Mirj"]
[Result "1/2-1/2"]
[WhiteElo "2116"]
[BlackElo "2066"]

1.d4 Nf6 2.Nf3 e6 3.c4 d5 4.g3 Be7 5.Bg2 O-O 6.O-O Nbd7 7.Qc2 Ne4 8.Nbd2 Nxd2
9.Bxd2 Nf6 10.Ne5 dxc4 11.Qxc4 Nd5  1/2-1/2

[Event "Polish Extraleague"]
[Site "Lubniewice POL"]
[Date "2003.09.07"]
[Round "9"]
[White "Dydyshko,V"]
[Black "Dobrowolski,A"]
[Result "1-0"]
[WhiteElo "2548"]
[BlackElo "2311"]

1.d4 d5 2.c4 e6 3.g3 Nf6 4.Bg2 Be7 5.Nf3 O-O 6.O-O dxc4 7.Qc2 a6 8.Qxc4 b5
9.Qc2 Bb7 10.Bd2 Be4 11.Qc1 Bb7 12.Bf4 Bd6 13.Nbd2 Nbd7 14.Nb3 Rc8 15.Rd1 Bxf4
16.Qxf4 Qe7 17.Rac1 Nd5 18.Qg5 Qb4 19.Ne1 h6 20.Qd2 Qd6 21.Nd3 Rfd8 22.Nbc5 Nxc5
23.Rxc5 Qb6 24.Ne5 Nf6 25.Bxb7 Qxb7 26.Qf4 Rd5 27.Qf3 Rcd8 28.Nc6 Rxc5 29.Ne7+ Kf8
30.Qxb7 Kxe7 31.dxc5 Rxd1+ 32.Kg2  1-0

[Event "TCh-CRO"]
[Site "Rabac CRO"]
[Date "2003.09.07"]
[Round "1"]
[White "Cvitan,O"]
[Black "Horvath,P1"]
[Result "1-0"]
[WhiteElo "2546"]
[BlackElo "2463"]

1.d4 d5 2.Nf3 Nf6 3.c4 e6 4.g3 Be7 5.Bg2 O-O 6.O-O dxc4 7.Qc2 a6 8.a4 Bd7
9.Qxc4 Bc6 10.Bf4 a5 11.Nc3 Na6 12.Rae1 Bd5 13.Qb5 Bb4 14.Bg5 Bc6 15.Qc4 Bxf3
16.Bxf3 c6 17.e4 h6 18.Be3 Rc8 19.Rd1 Qe7 20.Qb3 Rfd8 21.Rd2 Rd7 22.Rfd1 Rcd8
23.h4 e5 24.Qc4 Bd6 25.d5 Nb4 26.Bb6 Ra8 27.dxc6 bxc6 28.Bg2 Ne8 29.Bc5 Rdd8
30.Be3 Bc7 31.Na2 Nxa2 32.Qxa2 Rxd2 33.Rxd2 Rd8 34.Qc4 Rxd2 35.Bxd2 Qd6 36.Be3 Nf6
37.Bf3 Nd7 38.Qa6 Nf8 39.Bg4 Kh7 40.h5 Ne6 41.Bf5+ Kg8 42.Bxe6 fxe6 43.Kg2 Kh7
44.Qc4 Qd7 45.Bc5 Bd8 46.b4 axb4 47.Bxb4 Qd4 48.Qxd4 exd4 49.Bc5 e5 50.f4 exf4
51.gxf4 d3 52.Kf3 g6 53.hxg6+ Kxg6 54.Ke3 Bc7 55.Kxd3 Kf6 56.Ke3 Ba5 57.Bd4+ Kg6
58.Kf3 h5 59.Bf2 Kf6 60.Kg3 Kg6 61.Kh3 Bd8 62.f5+ Kf7 63.e5 Kg7 64.Be1 c5
65.a5 c4 66.Bc3 Kf7 67.a6  1-0

[Event "56th ch-RUS"]
[Site "Krasnoyarsk RUS"]
[Date "2003.09.08"]
[Round "5"]
[White "Filippov,Va"]
[Black "Kiriakov,P"]
[Result "1/2-1/2"]
[WhiteElo "2630"]
[BlackElo "2553"]

1.Nf3 Nf6 2.c4 e6 3.g3 d5 4.d4 Be7 5.Bg2 O-O 6.O-O dxc4 7.Qc2 a6 8.a4 Bd7
9.Qxc4 Bc6 10.Bg5 Bd5 11.Qc2 Be4 12.Qc1 h6 13.Bxf6 Bxf6 14.Rd1 a5 15.Nc3 Bxf3
16.Bxf3 c6  1/2-1/2

[Event "ch-Nordic"]
[Site "Aarhus DEN"]
[Date "2003.09.09"]
[Round "4"]
[White "Gausel,E"]
[Black "Agrest,E"]
[Result "1/2-1/2"]
[WhiteElo "2533"]
[BlackElo "2605"]

1.d4 Nf6 2.c4 e6 3.Nf3 d5 4.g3 Be7 5.Bg2 O-O 6.O-O Nbd7 7.Qc2 c6 8.b3 b6
9.Rd1 Ba6 10.Nbd2 c5 11.e4 Rc8 12.exd5 exd5 13.Bb2 dxc4 14.bxc4 cxd4 15.Nxd4 Qc7
16.Nc6 Rfe8 17.Ne4 Nxe4 18.Nxe7+ Rxe7 19.Bxe4 h6 20.Bh7+ Kh8 21.Bf5 Rce8
22.Qc3 f6 23.Bg6 Rf8 24.Ba3 Nc5 25.Qd4 Re5 26.Rac1 Bb7 27.Qd6 Qc8 28.Bxc5 Rxc5
29.Qd7 Bc6 30.Qxc8 Rxc8 31.Rc3 Be8 32.Bxe8 Rxe8 33.Rd7 Ra5 34.Rc2 Rc8 35.Re2 Re5  1/2-1/2

[Event "56th ch-RUS"]
[Site "Krasnoyarsk RUS"]
[Date "2003.09.12"]
[Round "9"]
[White "Sambuev,B"]
[Black "Landa,K"]
[Result "1/2-1/2"]
[WhiteElo "2496"]
[BlackElo "2614"]

1.d4 d5 2.c4 e6 3.Nf3 Nf6 4.g3 Be7 5.Bg2 O-O 6.O-O dxc4 7.Qa4 a6 8.Qxc4 b5
9.Qc2 Bb7 10.Bf4 Nd5 11.Ne5 Nb4 12.Qd2 Bxg2 13.Kxg2 Nxa2 14.e4 Nb4 15.Rc1 c6
16.Na3 a5 17.h4 Ra6 18.h5 h6 19.Nc2 Nd7 20.Ne3 Nxe5 21.Bxe5 Bg5 22.Ra3 f6
23.Bf4 Bxf4 24.gxf4 f5 25.exf5 Nd5 26.Nxd5 Qxd5+ 27.Kg3 Rxf5 28.Rc5 Qh1 29.Qe2 Kf7
30.Re3 Qg1+ 31.Kf3 Qh1+ 32.Kg3 Qg1+ 33.Kf3 Qg5 34.Rxf5+ Qxf5 35.Kg3 Ra8 36.Re5 Qf6
37.Qe4 Rd8 38.Qxc6 Rxd4 39.Qc7+ Kg8 40.Rxb5 Rd3+ 41.Kg4 Rd5 42.Rxd5 exd5
43.Qxa5 Qe6+ 44.Kg3 Qf7 45.Qd8+ Kh7 46.Qh4 d4 47.Qd8 Qb3+ 48.f3 Qxb2 49.Qd6 Qb5
50.Kg4 Qd3 51.Qe6 Qe3 52.Qf5+ Kg8 53.Qc8+ Kf7 54.Qd7+ Kf6 55.Qf5+ Ke7 56.Qc5+ Kf7
57.Qf5+  1/2-1/2

[Event "Saipa Cup"]
[Site "Tehran IRI"]
[Date "2003.09.13"]
[Round "1"]
[White "Ghorbani,M"]
[Black "Kayumov,S"]
[Result "0-1"]
[WhiteElo "2353"]
[BlackElo "2479"]

1.d4 d5 2.c4 e6 3.Nf3 Nf6 4.g3 Be7 5.Bg2 O-O 6.O-O c6 7.Nbd2 Nbd7 8.b3 b6
9.Bb2 Bb7 10.Rc1 Rc8 11.Qc2 c5 12.Qb1 dxc4 13.Nxc4 b5 14.Ncd2 Qb6 15.Qa1 Rfd8
16.h3 Bf8 17.Qb1 cxd4 18.Bxd4 Qa5 19.Rxc8 Rxc8 20.Rd1 Bb4 21.Qb2 Ba3 22.Qb1 Bb4
23.Qb2 h6 24.Ne5 Bxg2 25.Nxd7 Nxd7 26.Kxg2 e5 27.Be3 Qc7 28.Nf3 Bc3 29.Qa3 Nf6
30.Qa6 b4 31.Kh2 Ne4 32.Rd5 Re8 33.Qa4 Re7 34.Ra5 Bd4 35.Bxd4 exd4 36.Nxd4 Nxf2
37.Rf5 Ne4 38.Rf3 Nxg3 39.Kg2 Nxe2 40.Nf5 Re4 41.Qb5 Nf4+ 42.Kh1 Re1+ 43.Rf1 Re5
44.Qa4 Qb7+  0-1

[Event "TCh-CRO w"]
[Site "Rabac CRO"]
[Date "2003.09.14"]
[Round "8"]
[White "Stefanova,A"]
[Black "Repkova,E"]
[Result "0-1"]
[WhiteElo "2503"]
[BlackElo "2359"]

1.d4 d5 2.c4 e6 3.Nf3 Nf6 4.g3 Be7 5.Bg2 O-O 6.O-O dxc4 7.Qc2 a6 8.a4 Nc6
9.e3 Rb8 10.Qxc4 Qd5 11.Qe2 Qh5 12.Nc3 Rd8 13.e4 e5 14.dxe5 Ng4 15.h3 Ngxe5
16.Nxe5 Qxe2 17.Nxe2 Nxe5 18.Bf4 f6 19.Rac1 c6 20.Be3 Be6 21.Nd4 Bf7 22.b3 Bf8
23.f4 Nd7 24.Rb1 Nc5 25.Rfe1 Re8 26.Bd2 Rbd8 27.Bc3 Bg6 28.f5 Bf7 29.Bf3 Rd7
30.a5 Nxb3 31.Nxb3 Rd3 32.Kg2 Rxc3 33.Nc1 Rd8 34.Rxb7 Rd2+ 35.Re2 Rd1 36.Na2 Ra3
37.Rbb2 Rdd3 38.Bg4 h5 39.Nb4 Rxg3+ 40.Kh2 hxg4  0-1

[Event "EYb18"]
[Site "Budva YUG"]
[Date "2003.09.20"]
[Round "7"]
[White "Doncea,V"]
[Black "Sulashvili,M"]
[Result "1-0"]
[WhiteElo "2203"]
[BlackElo "2295"]

1.d4 d5 2.c4 e6 3.g3 Nf6 4.Bg2 Be7 5.Nf3 O-O 6.Qc2 c5 7.O-O cxd4 8.Nxd4 Nc6
9.Nxc6 bxc6 10.Nd2 Bb7 11.b3 c5 12.Bb2 Qc7 13.cxd5 exd5 14.Rac1 Qb6 15.e4 d4
16.Nc4 Qe6 17.Rfe1 Rad8 18.e5 Nd5 19.a3 Ba6 20.Bf1 Nb6 21.Bd3 g6 22.f4 Nxc4
23.bxc4 f5 24.exf6 Qxf6 25.Qa4 Rd6 26.Rc2 Rb8 27.f5 gxf5 28.Rf2 Re6 29.Ref1 Re3
30.Bxf5 Qd6 31.Bc1 Bg5 32.Qc2 Bb7 33.Bxh7+ Kh8 34.Bxe3 dxe3 35.Qb2+ Qd4 36.Rf8+ Kxh7
37.Qxd4 cxd4 38.Rxb8 Bc6 39.h4 Bh6 40.Rf6 d3 41.Kf1 Bg7 42.Rf7  1-0

[Event "12th Monarch Assurance"]
[Site "Port Erin IOM"]
[Date "2003.09.28"]
[Round "2"]
[White "Porat,I"]
[Black "Mikhalevski,V"]
[Result "0-1"]
[WhiteElo "2147"]
[BlackElo "2523"]

1.d4 Nf6 2.c4 e6 3.Nf3 d5 4.g3 Be7 5.Bg2 O-O 6.Qc2 c6 7.O-O b6 8.b3 Nbd7
9.Bb2 Ba6 10.Nbd2 Rc8 11.Rfc1 c5 12.Qd1 Bb7 13.e3 Rc7 14.Ne5 Qa8 15.Nxd7 Rxd7
16.dxc5 bxc5 17.Qe2 Rfd8 18.cxd5 exd5 19.Bh3 Rc7 20.b4 c4 21.Be5 Bd6 22.Bxf6 gxf6
23.Qg4+ Kf8 24.Qh4 Be5 25.Rab1 d4 26.Nxc4 Rdc8 27.Bxc8 Qxc8 28.exd4 Rxc4
29.Rxc4 Qxc4 30.dxe5 Qd5 31.Qh6+ Kg8 32.f3 Qxf3 33.Rb2 Qh1+ 34.Kf2 Qg2+ 35.Ke3 Qxb2
36.Qxf6 Qc3+ 37.Ke2 Qc2+ 38.Ke3 Qc1+ 39.Ke2 Qc4+ 40.Ke3 Qe6 41.Qg5+ Qg6 42.Qd8+ Kg7
43.Qd6 Qe4+ 44.Kd2 Qg2+ 45.Kc3 Qf3+ 46.Kb2 Bd5 47.a4 Qb3+ 48.Kc1 Qc3+ 49.Kb1 Be4+
50.Ka2 Qc2+ 51.Ka3 Qc1+ 52.Kb3 Bc2+ 53.Kc4 Bxa4+ 54.Kd5 Bb3+ 55.Kd4 Be6 56.Qe7 Qd2+
57.Ke4 Qd5+ 58.Kf4 Qd4+ 59.Kf3 Bg4+ 60.Kg2 Qd2+  0-1

[Event "2nd League TCh-SCG"]
[Site "Belgrade SCG"]
[Date "2003.10.01"]
[Round "5"]
[White "Ilincic,Z"]
[Black "Kocic,S"]
[Result "1-0"]
[WhiteElo "2557"]
[BlackElo "2283"]

1.d4 Nf6 2.c4 e6 3.Nf3 d5 4.g3 Be7 5.Bg2 O-O 6.O-O c6 7.Qc2 b6 8.Rd1 Bb7
9.Nc3 Nbd7 10.b3 Rc8 11.e4 c5 12.exd5 exd5 13.Bb2 Re8 14.Nh4 Ba8 15.dxc5 d4
16.Rxd4 Bxg2 17.Kxg2 Bxc5 18.Rd2 Qc7 19.Nd5 Qc6 20.Nf3 Qe6 21.Ng5 Qc6 22.f3 h6
23.Bxf6 hxg5 24.Bxg5 b5 25.cxb5 Qxb5 26.Rc1 Nf8 27.Qc4 Qb7 28.Qg4 Ng6 29.h4 Ne5
30.Qf5 g6 31.Qe4 Kg7 32.Bf6+  1-0

[Event "2nd League TCh-SCG"]
[Site "Belgrade SCG"]
[Date "2003.10.01"]
[Round "5"]
[White "Pavlovic,Drago"]
[Black "Cvetkovic,Sr"]
[Result "0-1"]
[WhiteElo "2230"]
[BlackElo "2409"]

1.d4 Nf6 2.c4 e6 3.g3 d5 4.Bg2 Be7 5.Nf3 O-O 6.O-O dxc4 7.Qc2 a6 8.a4 Bd7
9.Qxc4 Bc6 10.Bg5 Bd5 11.Qc2 Be4 12.Qd1 h6 13.Bxf6 Bxf6 14.Nc3 Bxf3 15.Bxf3 c6
16.e3 a5 17.Qe2 Na6 18.Rfc1 Rc8 19.Ne4 Be7 20.Nd2 Nb4 21.Nb3 Qb6 22.Qc4 Rfd8
23.Kg2 Qa7 24.Rd1 b6 25.Rac1 Bf6 26.Nd2 Qd7 27.Ne4 Be7 28.Nc3 Qe8 29.Na2 b5
30.Qb3 c5 31.axb5  0-1

[Event "7th Itau Cup"]
[Site "Sao Paulo BRA"]
[Date "2003.10.01"]
[Round "5"]
[White "Mittelman,G"]
[Black "Aranha Filho,A"]
[Result "1-0"]
[WhiteElo "2437"]
[BlackElo "2288"]

1.d4 Nf6 2.Nf3 d5 3.c4 e6 4.g3 Be7 5.Bg2 O-O 6.O-O dxc4 7.Qa4 a6 8.Qxc4 b5
9.Qc2 Bb7 10.Bf4 Nd5 11.Nc3 Nxf4 12.gxf4 Nd7 13.Rfd1 Qc8 14.Ne5 Bxg2 15.Kxg2 c5
16.d5 Nxe5 17.fxe5 exd5 18.Nxd5 Qe6 19.Qe4 Ra7 20.Ne3 f6 21.Qd5 Qxd5+ 22.Rxd5 fxe5
23.Rxe5 c4 24.Nd5 Bc5 25.e3 Rd7 26.Rd1 Rfd8 27.e4 h6 28.Re6 Rd6 29.Rxd6 Rxd6
30.f4 Re6 31.Kf3 Kf7 32.e5 g5 33.Ke4 gxf4 34.Nxf4 Re7 35.Kf5 Rc7 36.e6+ Ke8
37.Nd5 Rb7 38.Rd2 Be7 39.Rg2 Bf8 40.Rg8 Rg7 41.Nf6+ Ke7 42.Nd5+ Ke8 43.Rh8 Rg5+
44.Ke4 Rg4+ 45.Kf3 Rg5 46.e7  1-0

[Event "7th Itau Cup"]
[Site "Sao Paulo BRA"]
[Date "2003.10.01"]
[Round "5"]
[White "Burgos,M"]
[Black "Tsuboi,E"]
[Result "0-1"]
[WhiteElo "2152"]
[BlackElo "2365"]

1.d4 Nf6 2.c4 e6 3.g3 d5 4.Bg2 Be7 5.Nf3 O-O 6.O-O dxc4 7.Qc2 a6 8.Qxc4 b5
9.Qc2 Bb7 10.Bg5 Be4 11.Qc1 Nbd7 12.Nbd2 Bd5 13.Bxf6 Bxf6 14.e4 Bb7 15.Qc2 c5
16.dxc5 Rc8 17.e5 Rxc5  0-1

[Event "2nd League TCh-SCG"]
[Site "Belgrade SCG"]
[Date "2003.10.03"]
[Round "7"]
[White "Arsovic,Z"]
[Black "Pavlovic,Drago"]
[Result "1/2-1/2"]
[WhiteElo "2418"]
[BlackElo "2230"]

1.Nf3 Nf6 2.c4 e6 3.g3 d5 4.Bg2 Be7 5.d4 O-O 6.Qc2 c6 7.O-O Nbd7 8.b3 b6
9.Rd1 Ba6 10.a4 Bb4 11.Bd2 Bxd2 12.Nbxd2 c5 13.a5 Qe7 14.e3 Bb7 15.Qb2 Rfd8
16.Ne5 Nxe5 17.dxe5 Ne8 18.f4 Nc7 19.Nf3 Na6 20.g4 dxc4 21.bxc4 Rxd1+ 22.Rxd1 Rd8
23.Qb1 Bxf3 24.Bxf3 Nb4 25.axb6 axb6 26.Kg2 g6 27.Kg3 Rd7 28.h4 Qd8 29.h5 Rxd1
30.Qxd1 Qxd1 31.Bxd1 gxh5 32.g5 Na2 33.Bxh5 Nc3 34.Kf3 b5 35.cxb5 Nxb5 36.Ke2 Nc3+
37.Kd3 Nd5 38.Bf3 Ne7 39.Be4 Nd5 40.Kc4 Nxe3+ 41.Kxc5 Nf1 42.Bf3 Ng3 43.Kd6 Nf5+
44.Kd7 Nh4 45.Be4 Ng6 46.Bxg6  1/2-1/2

[Event "ECC"]
[Site "Rethymnon GRE"]
[Date "2003.10.04"]
[Round "7"]
[White "Mastrokoukos,G"]
[Black "Bujupi,B"]
[Result "1-0"]
[WhiteElo "2363"]
[BlackElo "2205"]

1.d4 Nf6 2.Nf3 d5 3.c4 e6 4.g3 Be7 5.Bg2 O-O 6.O-O c6 7.Nbd2 Nbd7 8.Qc2 b6
9.e4 dxe4 10.Nxe4 Nxe4 11.Qxe4 Ba6 12.b3 Rc8 13.Rd1 b5 14.Qc2 bxc4 15.bxc4 Qa5
16.Bf4 h6 17.h4 Rfd8 18.Rab1 c5 19.d5 exd5 20.cxd5 Bf6 21.Bd2 Qa3 22.Bc1 Qa5
23.Bf4 c4 24.Nd4 Bxd4 25.Rxd4 Bb5 26.Qc1 Nf6 27.Be5 Ne8 28.Rg4 Qa6 29.d6 Rxd6
30.Bxd6 Bd7 31.Bb7 Qxd6 32.Bxc8 Bxc8 33.Rxc4 Bh3 34.Qf4 Qd3 35.Qe4 Qd7 36.Rd4 Qc8
37.Rbd1 f5 38.Qh1 Bg4 39.Rd8 Qe6 40.Qd5 Qxd5 41.R1xd5 Kf7 42.R5d7+ Ke6 43.Rxa7 Nf6
44.Rxg7  1-0

[Event "ECC"]
[Site "Rethymnon GRE"]
[Date "2003.10.04"]
[Round "7"]
[White "Tkachiev,V"]
[Black "Almasi,Z"]
[Result "1/2-1/2"]
[WhiteElo "2654"]
[BlackElo "2655"]

1.d4 Nf6 2.c4 e6 3.g3 d5 4.Bg2 Be7 5.Nf3 O-O 6.O-O dxc4 7.Qc2 a6 8.a4 Bd7
9.Qxc4 Bc6 10.Bg5 Bd5 11.Qc2 Be4 12.Qc1 Nc6 13.Nbd2 Nxd4 14.Nxd4 Bxg2 15.Nxe6 fxe6
16.Kxg2 Qd5+ 17.Nf3 c5  1/2-1/2

[Event "Artic Cup u16"]
[Site "Salekhard RUS"]
[Date "2003.10.06"]
[Round "2"]
[White "Demin,V1"]
[Black "Evstratov,O"]
[Result "1/2-1/2"]
[WhiteElo "2345"]
[BlackElo "2215"]

1.d4 d5 2.Nf3 Nf6 3.c4 e6 4.g3 Be7 5.Bg2 O-O 6.O-O Nbd7 7.Qc2 c6 8.Rd1 b6
9.Nbd2 Bb7 10.e4 dxe4 11.Nxe4 Nxe4 12.Qxe4 Nf6 13.Qe2 Qc8 14.Bf4 Rd8 15.Rac1 Re8
16.c5 Nd5 17.Bd2 bxc5 18.dxc5 Ba6 19.Qe4 Bf6 20.b3 Qc7 21.Nd4 Rad8 22.Be1 g6
23.b4 Rb8 24.a4 Nxb4 25.Nxc6 Nxc6 26.Qxc6 Qc8 27.Qxc8 Rexc8 28.c6 Be5 29.Rd7 Bc7
30.Bc3 Be2 31.Rd2 Ba6 32.Rd7 Be2 33.Rd2 Ba6 34.Rd7 Be2 35.h3 Rb3 36.Rc2 Bb6
37.Bd4 Bd3 38.Bxb6 Bxc2 39.c7 axb6 40.Rd8+ Kg7 41.Rxc8 Rc3 42.Bf1 Bxa4 43.Ra8 Bd7
44.Ra7 Bc8 45.Ba6 Bxa6 46.Rxa6 Rxc7 47.Rxb6 Kf6 48.Kg2 Rc3 49.Rb7 g5 50.Rb8 Rc4
51.Rg8 h5 52.Rh8 h4 53.g4 Ke5 54.Ra8 f5 55.gxf5 exf5 56.Rg8 Kf4 57.Rh8 Rc6
58.Rh7 Rc5 59.Rh8 Ra5 60.Rh7 Ke4 61.Re7+ Re5 62.Ra7 f4 63.Ra4+ Kf5 64.Kf3 Rb5
65.Ra3 Rc5 66.Rb3 Rc1 67.Rb5+ Kg6 68.Rb8 Rg1 69.Re8 Kh7 70.Ra8 Kg7 71.Ra7+ Kg6
72.Ra6+ Kh5 73.Ra8 Rh1 74.Rh8+ Kg6 75.Rg8+ Kf6 76.Kg2 Ra1 77.Kf3 Rg1 78.Ra8 Ke5
79.Ra5+ Kd4 80.Ra4+ Kc5 81.Ra8 Kc6 82.Ra6+ Kd5 83.Ra5+ Ke6 84.Ra6+ Kf5 85.Ra5+ Kg6
86.Ra6+ Kh5 87.Ra8 Rb1 88.Rh8+ Kg6 89.Rg8+ Kf6 90.Kg4 Rg1+ 91.Kf3  1/2-1/2